<?xml version="1.0" encoding="UTF-8"?>
<record
    xmlns:xsi="http://www.w3.org/2001/XMLSchema-instance"
    xsi:schemaLocation="http://www.loc.gov/MARC21/slim http://www.loc.gov/standards/marcxml/schema/MARC21slim.xsd"
    xmlns="http://www.loc.gov/MARC21/slim">

  <leader>01132nam0a22002771  4500</leader>
  <controlfield tag="001">rc\3011690</controlfield>
  <controlfield tag="005">20251210144525.0</controlfield>
  <datafield tag="035" ind1=" " ind2=" ">
    <subfield code="a">(NLR Aleph) 007154191</subfield>
  </datafield>
  <datafield tag="090" ind1=" " ind2=" ">
    <subfield code="a">7182667</subfield>
    <subfield code="c">7182667</subfield>
  </datafield>
  <datafield tag="100" ind1=" " ind2=" ">
    <subfield code="a">20090425d1936    u  y0rusy50      ca</subfield>
  </datafield>
  <datafield tag="101" ind1="1" ind2=" ">
    <subfield code="a">rus</subfield>
    <subfield code="c">eng</subfield>
  </datafield>
  <datafield tag="102" ind1=" " ind2=" ">
    <subfield code="a">RU</subfield>
  </datafield>
  <datafield tag="105" ind1=" " ind2=" ">
    <subfield code="a">a   z   ||||y</subfield>
  </datafield>
  <datafield tag="200" ind1="1" ind2=" ">
    <subfield code="a">&#x417;&#x430;&#x43C;&#x435;&#x442;&#x43A;&#x438; &#x43E; &#x434;&#x43E;&#x43A;&#x435;&#x43C;&#x431;&#x440;&#x438;&#x438; &#x41A;&#x430;&#x43D;&#x430;&#x434;&#x441;&#x43A;&#x43E;&#x433;&#x43E; &#x449;&#x438;&#x442;&#x430; &#x441; &#x43E;&#x431;&#x437;&#x43E;&#x440;&#x43E;&#x43C; &#x434;&#x43E;&#x43A;&#x435;&#x43C;&#x431;&#x440;&#x438;&#x439;&#x441;&#x43A;&#x43E;&#x439; &#x43D;&#x43E;&#x43C;&#x435;&#x43D;&#x43A;&#x43B;&#x430;&#x442;&#x443;&#x440;&#x44B;</subfield>
    <subfield code="f">&#x41F;&#x435;&#x440;. &#x441; &#x430;&#x43D;&#x433;&#x43B;. &#x438; &#x440;&#x435;&#x434;. &#x433;&#x435;&#x43E;&#x43B;&#x43E;&#x433;&#x430; &#x415;.&#x41D;. &#x415;&#x433;&#x43E;&#x440;&#x43E;&#x432;&#x43E;&#x439;-&#x424;&#x443;&#x440;&#x441;&#x435;&#x43D;&#x43A;&#x43E;</subfield>
  </datafield>
  <datafield tag="210" ind1=" " ind2=" ">
    <subfield code="a">&#x41B;&#x435;&#x43D;&#x438;&#x43D;&#x433;&#x440;&#x430;&#x434;</subfield>
    <subfield code="c">&#x411;. &#x438;.</subfield>
    <subfield code="d">1936</subfield>
  </datafield>
  <datafield tag="215" ind1=" " ind2=" ">
    <subfield code="a">[2], 57 &#x441;., 1 &#x43B;. &#x442;&#x430;&#x431;&#x43B;.</subfield>
    <subfield code="c">&#x442;&#x430;&#x431;&#x43B;.</subfield>
    <subfield code="d">26 &#x441;&#x43C;</subfield>
  </datafield>
  <datafield tag="225" ind1="1" ind2=" ">
    <subfield code="a">&#x41F;&#x435;&#x440;&#x435;&#x432;&#x43E;&#x434;&#x44B; &#x43F;&#x43E; &#x433;&#x435;&#x43E;&#x43B;&#x43E;&#x433;&#x438;&#x438; &#x438; &#x43F;&#x43E;&#x43B;&#x435;&#x437;&#x43D;&#x44B;&#x43C; &#x438;&#x441;&#x43A;&#x43E;&#x43F;&#x430;&#x435;&#x43C;&#x44B;&#x43C;</subfield>
    <subfield code="f">&#x41D;&#x41A;&#x422;&#x41F;. &#x413;&#x43B;. &#x433;&#x435;&#x43E;&#x43B;. &#x443;&#x43F;&#x440;. &#x426;&#x435;&#x43D;&#x442;&#x440;. &#x433;&#x435;&#x43E;&#x43B;. &#x431;-&#x43A;&#x430;</subfield>
    <subfield code="v">&#x2116; 82</subfield>
  </datafield>
  <datafield tag="320" ind1=" " ind2=" ">
    <subfield code="a">&#x411;&#x438;&#x431;&#x43B;&#x438;&#x43E;&#x433;&#x440;.: &#x43B;&#x438;&#x442;&#x435;&#x440;&#x430;&#x442;&#x443;&#x440;&#x430; (3 &#x43D;&#x430;&#x437;&#x432;.)</subfield>
  </datafield>
  <datafield tag="700" ind1=" " ind2="1">
    <subfield code="a">&#x411;&#x440;&#x43E;&#x43A;</subfield>
    <subfield code="b">&#x420;.&#x412;.</subfield>
  </datafield>
  <datafield tag="702" ind1=" " ind2="1">
    <subfield code="a">&#x415;&#x433;&#x43E;&#x440;&#x43E;&#x432;&#x430;-&#x424;&#x443;&#x440;&#x441;&#x435;&#x43D;&#x43A;&#x43E;</subfield>
    <subfield code="b">&#x415;.&#x41D;.</subfield>
    <subfield code="4">730</subfield>
  </datafield>
  <datafield tag="801" ind1=" " ind2="0">
    <subfield code="a">RU</subfield>
    <subfield code="b">NLR</subfield>
    <subfield code="g">psbo</subfield>
  </datafield>
  <datafield tag="801" ind1=" " ind2="1">
    <subfield code="a">RU</subfield>
    <subfield code="b">ELAR</subfield>
    <subfield code="2">rusmarc</subfield>
  </datafield>
  <datafield tag="852" ind1=" " ind2=" ">
    <subfield code="a">NLR</subfield>
    <subfield code="b">&#x41C;&#x444;</subfield>
    <subfield code="j">&#x41A;1/3937</subfield>
  </datafield>
  <datafield tag="942" ind1=" " ind2=" ">
    <subfield code="c">BOOK</subfield>
  </datafield>
  <datafield tag="980" ind1=" " ind2=" ">
    <subfield code="a">NB</subfield>
  </datafield>
  <datafield tag="995" ind1=" " ind2=" ">
    <subfield code="5">2013-10-26</subfield>
    <subfield code="b">NLR01</subfield>
    <subfield code="c">NLR01</subfield>
    <subfield code="e">FM</subfield>
    <subfield code="f">7154191-10</subfield>
    <subfield code="k">&#x41C;&#x444; &#x41A;1/3927</subfield>
    <subfield code="o">0</subfield>
    <subfield code="r">BOOK</subfield>
    <subfield code="s">_13927</subfield>
  </datafield>
</record>
